000 01865nam0a2200337 i 4500
001 RU\NLR\BIBL_A\011092659
005 20240922012130.0
010 _a9785946729987
_9100
021 _aRU
_b2016-19138
_91227
035 _a(NILC)RuMoRGB-008243441
035 _a(NLR Aleph) 011092659
090 _a11376735
_c11376735
100 _a20160401d2016 u y0rusy50 ca
101 0 _arus
102 _aRU
105 _aa|||j|||000yy
200 1 _aСтатистические методы исследований процессов и машин в агробизнесе
_eучебное пособие
_eдля студентов высших учебных заведений, обучающихся по направлению "Агроинженерия"
_fК.А. Сохт, Е.И. Трубилин, В.И. Коновалов
_gМ-во сел. хоз-ва Рос. Федерации, ФГБОУ ВПО "Куб. гос. аграр. ун-т"
210 _aКраснодар
_cКубГАУ
_d2016
215 _a216 с.
_cил.
_d20
320 _aБиблиогр.: с. 189-192 (36 назв.)
606 1 _aСельскохозяйственные машины и орудия
_jУчебные издания для высших учебных заведений
_xИсследование
_xСтатистические методы
_92282866
_3RU\NLR\AUTH\6601595723
675 _a631.3
686 1 _aП072в647я73
700 1 _aСохт
_bК. А.
_gКазбек Аюбович
701 1 _aТрубилин
_bЕ. И.
_gЕвгений Иванович
701 1 _7ca
_8rus
_aКоновалов
_bВ. И.
_cканд. техн. наук, агроинженер
_gВладимир Иванович
_9157860
_3RU\NLR\AUTH\770157901
801 0 _aRU
_bРГБ
_c20160314
_gRCR
942 _cBOOK
980 _aNBR